[Event "Schleswig Holstein-ch Seniors op 11th"]
[Site "Buesum"]
[Date "2017.09.15"]
[Round "8"]
[White "Juenger, Leonhard"]
[Black "Baerthel, Klaus"]
[Result "1-0"]
[WhiteElo "1833"]
[BlackElo "1938"]
[PlyCount "46"]
[EventDate "2017.09.08"]
[EventType "swiss"]
[EventRounds "9"]
[EventCountry "GER"]
[SourceTitle "EXT 2019"]
[Source "ChessBase"]
[SourceDate "2018.10.10"]
[SourceVersion "1"]
[SourceVersionDate "2018.10.10"]
[SourceQuality "1"]

1. e4 c5 2. Nc3 Nc6 3. f4 d6 4. Nf3 g6 5. Bc4 Bg7 6. d3 e6 7. 0-0 a6 8. Qe1 Nge7 9. f5 d5 10. Bb3 c4 11. dxc4 dxe4 12. Nxe4 exf5 13. Neg5 h6 14. Nxf7 Kxf7 15. c5+ Kf8 16. Bf4 Bd4+ 17. Kh1 Bxc5 18. Rd1 Qb6 19. Qc3 Nd4 20. Nxd4 Bxd4 21. Rxd4 Rh7 22. Re1 g5 23. Bc7 Qf6 1-0

[Event "Schleswig Holstein-ch Seniors op 11th"]
[Site "Buesum"]
[Date "2017.09.13"]
[Round "6"]
[White "Juenger, Leonhard"]
[Black "Gebuhr, Guenter"]
[Result "0-1"]
[WhiteElo "1833"]
[BlackElo "1961"]
[PlyCount "68"]
[EventDate "2017.09.08"]
[EventType "swiss"]
[EventRounds "9"]
[EventCountry "GER"]
[SourceTitle "EXT 2019"]
[Source "ChessBase"]
[SourceDate "2018.10.10"]
[SourceVersion "1"]
[SourceVersionDate "2018.10.10"]
[SourceQuality "1"]

1. e4 c5 2. Nc3 Nc6 3. f4 g6 4. Nf3 Bg7 5. Bb5 e6 6. Bxc6 bxc6 7. d3 Ne7 8. 0-0 0-0 9. Be3 d6 10. Rb1 Rb8 11. Na4 Qa5 12. b3 Ba6 13. Qe2 Qc7 14. Qf2 Bb5 15. Nb2 h6 16. a4 Ba6 17. Kh1 Rb7 18. Rfd1 Rd8 19. Qd2 d5 20. Qe1 d4 21. Bd2 Qb8 22. Qh4 f6 23. Rg1 g5 24. fxg5 fxg5 25. Qh5 Rf8 26. Rbf1 Qe8 27. Qg4 Ng6 28. g3 Rbf7 29. Kg2 Bc8 30. Qh5 Re7 31. Nc4 Nf4+ 32. Bxf4 Qxh5 33. Bd6 Ref7 34. Bxf8 Rxf8 0-1

[Event "Schleswig Holstein-ch Seniors op 11th"]
[Site "Buesum"]
[Date "2017.09.10"]
[Round "3"]
[White "Quiring, Nikolai"]
[Black "Juenger, Leonhard"]
[Result "1-0"]
[WhiteElo "1990"]
[BlackElo "1833"]
[PlyCount "51"]
[EventDate "2017.09.08"]
[EventType "swiss"]
[EventRounds "9"]
[EventCountry "GER"]
[SourceTitle "EXT 2019"]
[Source "ChessBase"]
[SourceDate "2018.10.10"]
[SourceVersion "1"]
[SourceVersionDate "2018.10.10"]
[SourceQuality "1"]

1. d4 d5 2. c4 e5 3. dxe5 d4 4. Nf3 Nc6 5. Nbd2 Nge7 6. g3 Be6 7. Bg2 Qd7 8. 0-0 0-0-0 9. Qa4 Kb8 10. b4 Nxe5 11. b5 Nxf3+ 12. Nxf3 Nc8 13. Ne5 Qd6 14. Bf4 Qa3 15. Qc2 Nd6 16. Rfd1 Be7 17. Rxd4 f6 18. Nd3 Nf5 19. Re4 Nd4 20. Qd1 Nxe2+ 21. Qxe2 Rxd3 22. Rxe6 Bc5 23. Re8+ Rd8 24. Rxd8+ Rxd8 25. Qe4 Bxf2+ 26. Kh1 1-0

[Event "Schleswig Holstein-ch Seniors op 10th"]
[Site "Buesum"]
[Date "2016.10.02"]
[Round "7"]
[White "Gottschalk, Juergen"]
[Black "Juenger, Leonhard"]
[Result "0-1"]
[WhiteElo "1631"]
[BlackElo "1819"]
[PlyCount "104"]
[EventDate "2016.09.26"]
[EventType "swiss"]
[EventRounds "9"]
[EventCountry "GER"]
[SourceTitle "EXT 2019"]
[Source "ChessBase"]
[SourceDate "2018.10.10"]
[SourceVersion "1"]
[SourceVersionDate "2018.10.10"]
[SourceQuality "1"]

1. e4 c5 2. Nf3 e6 3. Nc3 a6 4. d4 cxd4 5. Nxd4 Nc6 6. Be3 Qc7 7. Bd3 b5 8. 0-0 Nf6 9. Nf3 d6 10. a3 Be7 11. Bg5 0-0 12. Qd2 Bb7 13. Rfe1 Rfe8 14. Re3 Ng4 15. Re2 Nge5 16. Nxe5 dxe5 17. Bxe7 Rxe7 18. Re3 Rd8 19. Rg3 f6 20. Qh6 b4 21. axb4 Nxb4 22. Qxf6 Nxd3 23. cxd3 Rxd3 24. Qg5 Rxg3 25. Qxg3 Rd7 26. h4 Qc5 27. Qg4 Rf7 28. Nd1 Qd4 29. Qxe6 Qxe4 30. Ne3 Qf4 31. Rf1 Qf6 32. Qe8+ Rf8 33. Qa4 Kh8 34. Qb4 Ba8 35. Ng4 Qf4 36. Qd6 e4 37. Qc5 h6 38. Ne5 Kh7 39. h5 Rf5 40. Ng6 Rxc5 41. Nxf4 Bd5 42. Rd1 Bf7 43. g4 Rg5 44. Kh2 Rxg4 45. Ng2 Bxh5 46. Re1 Bg6 47. Re3 Bf5 48. f3 exf3 49. Rxf3 Be4 50. Rf2 Rxg2+ 51. Rxg2 Bxg2 52. Kxg2 Kg6 0-1

[Event "Schleswig Holstein-ch Seniors op 10th"]
[Site "Buesum"]
[Date "2016.09.26"]
[Round "1"]
[White "Hunold, Rolf"]
[Black "Juenger, Leonhard"]
[Result "1-0"]
[WhiteElo "2091"]
[BlackElo "1819"]
[PlyCount "89"]
[EventDate "2016.09.26"]
[EventType "swiss"]
[EventRounds "9"]
[EventCountry "GER"]
[SourceTitle "EXT 2019"]
[Source "ChessBase"]
[SourceDate "2018.10.10"]
[SourceVersion "1"]
[SourceVersionDate "2018.10.10"]
[SourceQuality "1"]

1. e4 c5 2. Nf3 Nc6 3. Bb5 d6 4. 0-0 Bd7 5. Re1 e6 6. c3 a6 7. Bf1 Nf6 8. d4 e5 9. h3 Be7 10. d5 Na7 11. c4 b5 12. b3 0-0 13. Nbd2 g6 14. Bd3 Nc8 15. Nf1 Nb6 16. Bh6 Re8 17. Qc1 Bf8 18. Bg5 Be7 19. Bd2 Bf8 20. N3h2 Bg7 21. Rb1 b4 22. Bg5 Qc8 23. Ng3 a5 24. Qe3 h5 25. Bh6 Kh7 26. Bxg7 Kxg7 27. f4 h4 28. Ne2 Nh5 29. fxe5 dxe5 30. Rf1 f6 31. Nf3 g5 32. Nxg5 Rh8 33. Rf2 Kg6 34. Nf3 Kf7 35. Nxe5+ Kg7 36. Nxd7 Nxd7 37. Nf4 a4 38. Nxh5+ Rxh5 39. Be2 Rh6 40. Bg4 Ra5 41. Rbf1 Qd8 42. Bxd7 axb3 43. axb3 Qxd7 44. e5 Ra6 45. Qxc5 1-0

[Event "Schleswig Holstein-ch Seniors op 9th"]
[Site "Buesum"]
[Date "2015.10.07"]
[Round "9"]
[White "Raessler, Arndt"]
[Black "Juenger, Leonhard"]
[Result "1/2-1/2"]
[WhiteElo "1944"]
[BlackElo "1826"]
[PlyCount "44"]
[EventDate "2015.09.28"]
[EventType "swiss"]
[EventRounds "9"]
[EventCountry "GER"]
[SourceTitle "EXT 2018"]
[Source "ChessBase"]
[SourceDate "2017.10.13"]
[SourceVersion "1"]
[SourceVersionDate "2017.10.13"]
[SourceQuality "1"]

1. d4 Nf6 2. c4 e6 3. Nf3 b6 4. a3 Be7 5. Nc3 0-0 6. e3 Bb7 7. Be2 d6 8. 0-0 Ne4 9. Nxe4 Bxe4 10. Bd3 d5 11. Bxe4 dxe4 12. Nd2 f5 13. f3 exf3 14. Nxf3 Nd7 15. Bd2 Rf6 16. Bc3 Bd6 17. b4 Rh6 18. c5 Be7 19. Be1 Nf6 20. Ne5 Qd5 21. Qf3 Ne4 22. Nd3 Rf6 1/2-1/2

[Event "GER-chB Seniors 26th"]
[Site "Bad Neuenahr"]
[Date "2014.08.09"]
[Round "5"]
[White "Jung, Michael"]
[Black "Juenger, Leonhard"]
[Result "1/2-1/2"]
[WhiteElo "1775"]
[BlackElo "1821"]
[PlyCount "25"]
[EventDate "2014.08.05"]
[EventType "swiss"]
[EventRounds "9"]
[EventCountry "GER"]
[SourceTitle "EXT 2018"]
[Source "ChessBase"]
[SourceDate "2017.10.13"]
[SourceVersion "1"]
[SourceVersionDate "2017.10.13"]
[SourceQuality "1"]

1. c4 e5 2. Nc3 g6 3. e4 Bg7 4. g3 d6 5. Bg2 h5 6. h3 h4 7. d3 hxg3 8. fxg3 Nc6 9. Be3 Nge7 10. Nf3 Nd4 11. Bxd4 exd4 12. Ne2 c5 13. Qd2 1/2-1/2

[Event "Kiel op-A 26th"]
[Site "Kiel"]
[Date "2013.07.27"]
[Round "2"]
[White "Biermann, Stefan"]
[Black "Juenger, Leonhard"]
[Result "1/2-1/2"]
[WhiteElo "1721"]
[BlackElo "1919"]
[PlyCount "88"]
[EventDate "2013.07.27"]
[EventType "swiss"]
[EventRounds "9"]
[EventCountry "GER"]
[SourceTitle "EXT 2018"]
[Source "ChessBase"]
[SourceDate "2017.10.13"]
[SourceVersion "1"]
[SourceVersionDate "2017.10.13"]
[SourceQuality "1"]

1. e4 c5 2. Nc3 Nc6 3. f4 g6 4. Nf3 Bg7 5. Bb5 e6 6. 0-0 Nge7 7. d3 0-0 8. Qe1 d6 9. Qh4 Nd4 10. Ba4 Nec6 11. Qf2 a6 12. Bxc6 Nxc6 13. Kh1 b6 14. Bd2 Qe7 15. Rae1 Qd8 16. g4 b5 17. f5 b4 18. Nd1 exf5 19. gxf5 Ne5 20. Nxe5 Bxe5 21. Bf4 Qe7 22. Bxe5 Qxe5 23. Qh4 Bb7 24. Qh6 Qg7 25. Qf4 Rfd8 26. f6 Qf8 27. Kg1 Kh8 28. h4 h5 29. Ne3 Kh7 30. Re2 Qh6 31. Nd5 Bxd5 32. exd5 Re8 33. Qh2 Re3 34. Rfe1 Rae8 35. Kf2 Rxe2+ 36. Rxe2 Rxe2+ 37. Kxe2 Qc1 38. Qxd6 Qxc2+ 39. Ke1 Qc1+ 40. Kf2 Qd2+ 41. Kg1 Qe1+ 42. Kg2 Qe2+ 43. Kg1 Qe1+ 44. Kg2 Qe2+ 1/2-1/2

[Event "Goch op 23rd"]
[Site "Goch"]
[Date "2012.09.02"]
[Round "6"]
[White "Juenger, Leonhard"]
[Black "Bauchmueller, Franz Josef"]
[Result "1-0"]
[WhiteElo "1549"]
[BlackElo "1785"]
[PlyCount "39"]
[EventDate "2012.08.30"]
[EventType "swiss"]
[EventRounds "7"]
[EventCountry "GER"]
[SourceTitle "EXT 2015"]
[Source "ChessBase"]
[SourceDate "2014.11.20"]
[SourceVersion "1"]
[SourceVersionDate "2014.11.20"]
[SourceQuality "1"]

1. e4 e5 2. Nf3 Nc6 3. d4 exd4 4. Nxd4 Bc5 5. Nxc6 Bxf2+ 6. Kxf2 Qf6+ 7. Qf3 Qxc6 8. Nc3 Qb6+ 9. Be3 Qxb2 10. Bc4 Qxc2+ 11. Kg3 Nf6 12. Rac1 Qb2 13. e5 Rg8 14. Bb3 h5 15. Rc2 h4+ 16. Kf2 Qa3 17. exf6 gxf6 18. Nd5 Rg6 19. Bc5 Qa5 20. Qe4+ 1-0

[Event "Goch op 23rd"]
[Site "Goch"]
[Date "2012.09.02"]
[Round "7"]
[White "Wallhof, Dieter"]
[Black "Juenger, Leonhard"]
[Result "1/2-1/2"]
[WhiteElo "1968"]
[BlackElo "1549"]
[PlyCount "114"]
[EventDate "2012.08.30"]
[EventType "swiss"]
[EventRounds "7"]
[EventCountry "GER"]
[SourceTitle "EXT 2015"]
[Source "ChessBase"]
[SourceDate "2014.11.20"]
[SourceVersion "1"]
[SourceVersionDate "2014.11.20"]
[SourceQuality "1"]

1. Nf3 Nf6 2. b3 g6 3. Bb2 Bg7 4. g3 0-0 5. Bg2 d5 6. d4 c6 7. 0-0 Nbd7 8. c4 e6 9. Qc2 Ne4 10. Ne5 f5 11. Nxd7 Bxd7 12. f3 Nf6 13. e3 Rc8 14. c5 Rf7 15. Nd2 Qc7 16. b4 Rcf8 17. f4 Ne4 18. Nxe4 fxe4 19. h4 Qd8 20. Kh2 h6 21. Rh1 Bf6 22. Kg1 Qe7 23. Rd1 Rg7 24. Bc3 a6 25. Be1 Kf7 26. Rd2 Ke8 27. Bf1 Rfg8 28. Rg2 Qf7 29. Be2 Bd8 30. g4 g5 31. fxg5 hxg5 32. h5 Bc7 33. Bg3 Bxg3 34. Rxg3 Rf8 35. Rg2 Qf6 36. Rhh2 Rgf7 37. Rf2 Qh8 38. Rxf7 Rxf7 39. Rf2 Rxf2 40. Kxf2 e5 41. Qc3 Qf6+ 42. Kg2 exd4 43. Qxd4 Qxd4 44. exd4 Kf7 45. Kf2 Be6 46. Ke3 Ke7 47. Kd2 Kd7 48. Kc3 Kc7 49. h6 Bg8 50. Kb3 Bh7 51. Ka4 Bg6 52. Ka5 Bh7 53. a4 Bg6 54. b5 axb5 55. axb5 Bh7 56. b6+ Kb8 57. Kb4 Bg6 1/2-1/2

[Event "Goch op 23rd"]
[Site "Goch"]
[Date "2012.08.31"]
[Round "3"]
[White "Vranidis, Georgios"]
[Black "Juenger, Leonhard"]
[Result "1-0"]
[WhiteElo "1963"]
[BlackElo "1549"]
[PlyCount "131"]
[EventDate "2012.08.30"]
[EventType "swiss"]
[EventRounds "7"]
[EventCountry "GER"]
[SourceTitle "EXT 2015"]
[Source "ChessBase"]
[SourceDate "2014.11.20"]
[SourceVersion "1"]
[SourceVersionDate "2014.11.20"]
[SourceQuality "1"]

1. e4 c5 2. Nc3 Nc6 3. Bb5 d6 4. Bxc6+ bxc6 5. f4 e6 6. Nf3 Be7 7. 0-0 Ba6 8. Re1 Qb6 9. Kh1 h5 10. b3 Nh6 11. Na4 Qc7 12. Bb2 Ng4 13. Kg1 0-0-0 14. h3 Nh6 15. Bxg7 Rh7 16. Bb2 Rg8 17. d3 f6 18. Re2 Nf7 19. Qd2 Rg3 20. Kh2 Rgg7 21. Rf1 Qd8 22. Qe1 Kb8 23. b4 c4 24. Rd2 Qd7 25. Nc3 cxd3 26. cxd3 Rg8 27. Rff2 Nh6 28. Kh1 Ng4 29. Rfe2 Nh6 30. a4 Bd8 31. b5 Bb7 32. Qa1 Ng4 33. bxc6 Bxc6 34. Nb5 a6 35. Nbd4 Bb7 36. a5 e5 37. Nf5 Nh6 38. N3h4 Nxf5 39. Nxf5 Bc7 40. fxe5 fxe5 41. Bc3 Re8 42. Ne3 Rf7 43. Rf2 Ref8 44. Qf1 Qe6 45. Rxf7 Qxf7 46. Qxf7 Rxf7 47. Kg1 d5 48. exd5 Rd7 49. Rb2 Ka7 50. d4 e4 51. Re2 Bxd5 52. Nxd5 Rxd5 53. Rxe4 Bxa5 54. Bxa5 Rxa5 55. Re5 Rxe5 56. dxe5 Kb8 57. Kf2 Kc7 58. g4 hxg4 59. hxg4 Kd7 60. Ke3 Ke6 61. Kd4 a5 62. g5 a4 63. g6 a3 64. Kc3 Ke7 65. Kb3 Kf8 66. e6 1-0